000 00370nam a22001577a 4500
020 _a978-81-264-6651-1
082 _a823
_bKUR/F
100 _aKURIAN, NIMI
245 _aFARMYARD TALES
_bANIMAL STORY
246 _aFARMYARD TALES
_bANIMAL STORY
260 _aKOTTAYAM
_bDC BOOKS
_c2016
300 _a70
520 _aANIMAL STORY
650 _aANIMAL STORY
942 _cBK
999 _c2862
_d2862